[Event "Euro Online U2300 Day 1"]
[Site "chess.com INT"]
[Date "2020.05.25"]
[Round "2"]
[White "Ruzicka, Ales"]
[Black "Uhmann, Jan"]
[Result "1-0"]
[WhiteElo "2108"]
[BlackElo "2009"]
[WhiteFideId "325252"]
[BlackFideId "306363"]
[EventDate "2020.05.25"]

1. e4 e5 2. Nf3 Nc6 3. Bb5 Bc5 4. O-O Nf6 5. Re1 O-O 6. c3 d6 7. h3 Qe7 8. d3 a6
9. Ba4 b5 10. Bc2 Bb7 11. Nbd2 Rad8 12. a4 d5 13. axb5 axb5 14. Qe2 Bb6 15. Nf1
d4 16. Ng3 Qe6 17. Ng5 Qd7 18. Nf5 Ne7 19. Nxe7+ Qxe7 20. Nf3 h6 21. g4 Qe6 22.
Kh2 Bc8 23. Nh4 g5 24. Nf5 Kh7 25. h4 gxh4 26. f3 Rh8 27. Nxh6 Kg6 28. Nf5 Ne8
29. Rh1 Qf6 30. Kg2 h3+ 31. Rxh3 Rxh3 32. Kxh3 Ng7 33. Bd2 Rh8+ 34. Kg2 Nxf5 35.
gxf5+ Kg7 36. Rh1 Rxh1 37. Kxh1 Qh4+ 38. Qh2 Qxh2+ 39. Kxh2 dxc3 40. bxc3 Ba5
41. Kg3 c5 42. f4 exf4+ 43. Kxf4 Kf6 44. e5+ Ke7 45. Bd1 Bb7 46. Bf3 Bxf3 47.
Kxf3 Bc7 48. Ke4 Kd7 49. Kd5 c4 50. dxc4 bxc4 51. Bf4 Ba5 52. Kxc4 Kc6 53. Be3
Bc7 54. Bd4 Ba5 55. Ba7 Bc7 56. Kd4 Ba5 57. Bb8 Bb6+ 58. Ke4 Bf2 59. Bd6 f6 60.
c4 fxe5 61. c5 Bh4 62. Kxe5 Kd7 63. Kd5 Bg5 64. c6+ Kc8 65. Ke6 Bh4 66. f6 Bxf6
67. Kxf6 1-0

[Event "Euro Online U2300 Day 1"]
[Site "chess.com INT"]
[Date "2020.05.25"]
[Round "2"]
[White "Baskin, Robert"]
[Black "Subelj, Jan"]
[Result "0-1"]
[WhiteTitle "IM"]
[BlackTitle "FM"]
[WhiteElo "2390"]
[BlackElo "2408"]
[WhiteFideId "24662402"]
[BlackFideId "14618583"]
[EventDate "2020.05.25"]

1. e4 e5 2. Nf3 Nc6 3. Bb5 g6 4. d4 exd4 5. c3 a6 6. Bxc6 dxc6 7. cxd4 Bg7 8.
Nc3 Bg4 9. Qb3 Rb8 10. Be3 Nf6 11. Ng5 Qe7 12. f3 Bd7 13. O-O-O h6 14. Nh3 Bxh3
15. gxh3 O-O 16. e5 Rfd8 17. f4 Nd5 18. Nxd5 Rxd5 19. f5 Rb5 20. Qd3 Qb4 21. Rd2
c5 22. fxg6 cxd4 23. gxf7+ Kh8 24. Bxd4 Rd8 25. Qc3 Qe7 26. e6 Rxd4 27. Rxd4 Rc5
28. Rd8+ Kh7 29. f8=Q Rxc3+ 30. bxc3 Qg5+ 31. Kb2 Bxf8 32. Rxf8 Qg2+ 33. Kb3
Qxh1 34. e7 Qd5+ 35. Kb2 Qb5+ 36. Ka1 Qg5 0-1

[Event "Euro Online U2300 Day 1"]
[Site "chess.com INT"]
[Date "2020.05.25"]
[Round "2"]
[White "Belaska, Premysl"]
[Black "Grineva, Marianna"]
[Result "0-1"]
[BlackTitle "WFM"]
[WhiteElo "2224"]
[BlackElo "2002"]
[WhiteFideId "300896"]
[BlackFideId "14102013"]
[EventDate "2020.05.25"]

1. e4 d6 2. d4 Nf6 3. Nc3 g6 4. f3 a6 5. a4 Bg7 6. Be3 Nc6 7. Nge2 Bd7 8. g4 e5
9. d5 Ne7 10. Ng3 Rb8 11. a5 h5 12. g5 Nh7 13. h4 f5 14. exf5 Nxf5 15. Nxf5 Bxf5
16. Ne4 O-O 17. Qe2 Rf7 18. Bg2 Nf8 19. O-O Qd7 20. Kh2 Re8 21. c4 Qe7 22. b4 c6
23. c5 Bxe4 24. fxe4 cxd5 25. Rxf7 Qxf7 26. Rf1 Qc7 27. exd5 dxc5 28. bxc5 e4+
29. d6 Qxa5 30. Qc4+ Kh7 31. Bxe4 Re5 32. Qd3 Qa2+ 33. Rf2 Qe6 34. Rxf8 Rxe4 35.
d7 Rxh4+ 36. Kg1 Qg4+ 37. Kf2 Rh2+ 38. Ke1 Bc3+ 39. Bd2 Bxd2+ 40. Qxd2 Qg1+ 41.
Rf1 Qxf1+ 42. Kxf1 Rxd2 0-1

[Event "Euro Online U2300 Day 1"]
[Site "chess.com INT"]
[Date "2020.05.25"]
[Round "2"]
[White "Hechl, Gerald"]
[Black "Toczek, Grzegorz"]
[Result "0-1"]
[WhiteTitle "FM"]
[BlackTitle "FM"]
[WhiteElo "2333"]
[BlackElo "2271"]
[WhiteFideId "1605674"]
[BlackFideId "1106457"]
[EventDate "2020.05.25"]

1. Nc3 c5 2. Nf3 Nc6 3. d4 cxd4 4. Nxd4 d6 5. g3 Nf6 6. Bg2 Bd7 7. O-O g6 8. Nb3
Bg7 9. h3 O-O 10. Kh2 Rb8 11. a4 Nb4 12. a5 Bc6 13. e4 b5 14. axb6 axb6 15. Nd4
Bb7 16. Ra7 Nd7 17. Ndb5 Nc5 18. Bg5 Nc6 19. Ra1 h6 20. Be3 Ne5 21. Qc1 Kh7 22.
b3 Nc6 23. Rd1 Ra8 24. Qd2 Rxa1 25. Rxa1 Ba6 26. Nd4 Nxd4 27. Bxd4 Bxd4 28. Qxd4
Bb7 29. Nd5 Bxd5 30. exd5 Qc7 31. Qe3 Re8 32. h4 h5 33. Qf4 Kg7 34. Qd4+ Kh7 35.
b4 Nd7 36. c4 Ne5 37. Rc1 Rc8 38. Be4 Nxc4 39. f4 b5 40. Ra1 Qb6 41. Qxb6 Nxb6
42. Ra7 Rc4 43. Bd3 Rxb4 44. Rxe7 Kg7 45. Rb7 Nxd5 46. Rxb5 Rxb5 47. Bxb5 f5 48.
Kg2 Nf6 49. Kf3 Ne4 50. Bc6 Nc5 51. Ke3 Kf6 52. Kd4 Nb3+ 53. Kc3 Nc5 54. Kd4 Ne4
55. Bxe4 fxe4 56. Kxe4 Ke6 57. Ke3 Kf5 58. Kf3 d5 59. Ke3 Kg4 60. Kf2 d4 0-1

[Event "Euro Online U2300 Day 1"]
[Site "chess.com INT"]
[Date "2020.05.25"]
[Round "2"]
[White "Kett, Tim"]
[Black "Aizenberg, Benny"]
[Result "0-1"]
[WhiteTitle "CM"]
[WhiteElo "2178"]
[BlackElo "2152"]
[WhiteFideId "1801210"]
[BlackFideId "2821125"]
[EventDate "2020.05.25"]

1. e4 c5 2. c3 Nf6 3. e5 Nd5 4. Nf3 e6 5. d4 b6 6. c4 Nc7 7. d5 exd5 8. cxd5 d6
9. Nc3 dxe5 10. Nxe5 Bd6 11. Nc4 O-O 12. Be2 Bb7 13. O-O Re8 14. Bf3 Nba6 15.
Ne4 Bxh2+ 16. Kxh2 Rxe4 17. Bxe4 Qh4+ 18. Kg1 Qxe4 19. Nd6 Qxd5 20. Nxb7 Qxb7
21. b3 Ne6 22. Bb2 Nb4 23. Qg4 Rd8 24. Rad1 Nd3 25. Ba1 Rd5 26. f4 h5 27. Qg3
Ndxf4 28. Rde1 Rg5 29. Qxg5 Nh3+ 30. gxh3 Nxg5 31. Re8+ Kh7 32. Rf5 Qd7 33. Ree5
f6 34. Rd5 Qe6 35. h4 Qe1+ 36. Kg2 Qxh4 37. Rxg5 fxg5 38. Rd7 Qg4+ 0-1

[Event "Euro Online U2300 Day 1"]
[Site "chess.com INT"]
[Date "2020.05.25"]
[Round "2"]
[White "Dorokhin, Mykhailo"]
[Black "Zasukhin, Vadim"]
[Result "0-1"]
[WhiteElo "2299"]
[BlackElo "2274"]
[WhiteFideId "14114178"]
[BlackFideId "4123450"]
[EventDate "2020.05.25"]

1. e4 c5 2. Nc3 a6 3. g3 b5 4. Bg2 Bb7 5. d3 e6 6. f4 Nf6 7. Nf3 d5 8. e5 Nfd7
9. O-O Nc6 10. Ne2 d4 11. g4 h5 12. h3 hxg4 13. hxg4 Be7 14. Ng3 Qb6 15. Qe2
O-O-O 16. Bd2 Kb8 17. a4 Rdg8 18. axb5 axb5 19. Ne4 Nb4 20. Bxb4 cxb4 21. Kf2 f6
22. Rh1 fxe5 23. Nxe5 Nxe5 24. fxe5 Qc7 25. Nd6 Bxg2 26. Kxg2 Rxh1 27. Rxh1 Bxd6
28. exd6 Qxd6 29. Rh5 Ka7 30. Re5 Rc8 31. Rxe6 Rxc2 32. Qxc2 Qxe6 33. Qc5+ Qb6
34. Qxb4 Qc6+ 35. Kg3 Qc7+ 36. Kh3 Qe5 37. Qb3 Kb6 38. Kh4 Qf6+ 39. g5 Qf5 40.
Qg8 g6 41. Qd8+ Kc5 42. Qf6 Qxd3 43. Qe7+ Kc4 44. Qe6+ Kb4 45. Qd6+ Kb3 46. Qa3+
Kc2 47. Qb4 Qe4+ 48. Kg3 Qe5+ 49. Kf3 d3 50. Qh4 Kxb2 51. Qf2+ Qe2+ 52. Qxe2+ 0-1

[Event "Euro Online U2300 Day 1"]
[Site "chess.com INT"]
[Date "2020.05.25"]
[Round "2"]
[White "Papp, Petra"]
[Black "Willow, Jonah B"]
[Result "0-1"]
[WhiteTitle "WGM"]
[BlackTitle "FM"]
[WhiteElo "2338"]
[BlackElo "2386"]
[WhiteFideId "739049"]
[BlackFideId "438804"]
[EventDate "2020.05.25"]

1. e4 c5 2. Nf3 Nc6 3. Nc3 g6 4. d4 cxd4 5. Nxd4 Bg7 6. Be3 Nf6 7. Bc4 O-O 8.
Bb3 d6 9. f3 Bd7 10. Qd2 Nxd4 11. Bxd4 b5 12. a4 b4 13. Nd5 Nxd5 14. exd5 a5 15.
Bxg7 Kxg7 16. Qd4+ Kg8 17. h4 h6 18. O-O-O Rc8 19. Kb1 Qc7 20. g4 Qc5 21. Qd2
Kg7 22. Rde1 Rce8 23. h5 g5 24. f4 f6 25. Qd3 f5 26. fxg5 hxg5 27. h6+ Kh8 28.
Rh5 fxg4 29. Rxg5 Qf2 30. Rd1 Qf6 31. Rg7 Bf5 32. Qe3 Rf7 33. Rh1 Rg8 34. Rxf7
Qxf7 35. Bc4 Qf6 36. Bd3 Bxd3 37. Qxd3 g3 38. h7 Rg7 39. Ka2 g2 40. Rg1 Qf2 41.
Qd1 Kxh7 42. b3 Kg8 43. Kb2 Qf6+ 44. Ka2 Qf2 45. Kb2 Rg3 46. Kb1 Rf3 47. Kb2 Rf4
48. Kb1 Qxg1 49. Qxg1 Rf1+ 0-1

[Event "Euro Online U2300 Day 1"]
[Site "chess.com INT"]
[Date "2020.05.25"]
[Round "2"]
[White "Petrovic, Zvonko"]
[Black "Golubenko, Valeriy"]
[Result "1/2-1/2"]
[WhiteTitle "FM"]
[WhiteElo "2145"]
[BlackElo "2211"]
[WhiteFideId "14500914"]
[BlackFideId "2216477"]
[EventDate "2020.05.25"]

1. Nf3 g6 2. g3 Bg7 3. d4 c5 4. c4 cxd4 5. Nxd4 Nc6 6. Nc2 Nf6 7. Bg2 O-O 8. Nc3
d6 9. O-O Bd7 10. b3 Qc8 11. Re1 Bh3 12. Bh1 Rd8 13. e4 h5 14. Bb2 h4 15. Nd5
hxg3 16. hxg3 Nxd5 17. Bxg7 Kxg7 18. exd5 Ne5 19. f4 Qc5+ 20. Qd4 Qxd4+ 21. Nxd4
Nd3 22. Re3 Nb4 23. a3 Na6 24. Rxe7 Rd7 25. Rae1 Kf8 26. Rxd7 Bxd7 27. Be4 Nc5
28. Bc2 a5 29. Kf2 Rb8 30. b4 axb4 31. axb4 Na6 32. Rb1 Re8 33. Kf3 Kg7 34. g4
Rh8 35. Kg3 Re8 36. Kf3 Rh8 37. f5 Rh3+ 38. Kg2 Rc3 39. fxg6 Rxc4 40. Nf5+ Bxf5
41. Bxf5 fxg6 42. Be6 Nxb4 43. Rf1 Rc7 44. Rb1 Nd3 45. Rb6 Nf4+ 46. Kg3 Nxe6 47.
dxe6 Kf6 48. Rxd6 Re7 49. Rb6 Rxe6 50. Rxb7 Re3+ 51. Kf4 Ra3 52. g5+ Ke6 1/2-1/2

[Event "Euro Online U2300 Day 1"]
[Site "chess.com INT"]
[Date "2020.05.25"]
[Round "2"]
[White "Gheorghiu, Calin"]
[Black "Hansen, Carsten"]
[Result "1-0"]
[WhiteTitle "FM"]
[BlackTitle "FM"]
[WhiteElo "2283"]
[BlackElo "2270"]
[WhiteFideId "1200305"]
[BlackFideId "1400444"]
[EventDate "2020.05.25"]

1. e4 c5 2. Nf3 Nc6 3. d4 cxd4 4. Nxd4 g6 5. Nc3 Bg7 6. Be3 Nf6 7. Bc4 Qa5 8.
O-O O-O 9. a3 d6 10. Be2 Bd7 11. Nb3 Qc7 12. f4 a6 13. Bf3 e6 14. Qd2 Rfd8 15.
Rad1 Be8 16. g4 d5 17. exd5 exd5 18. Qg2 Ne7 19. g5 Ne4 20. Nxe4 dxe4 21. Bxe4
Bc6 22. Bxc6 bxc6 23. Bd4 Nf5 24. Bxg7 Kxg7 25. Qf2 Re8 26. Rfe1 Rxe1+ 27. Rxe1
Qd6 28. Qd2 Qxd2 29. Nxd2 Rd8 30. Nf3 Rd5 31. Kf2 Rc5 32. Re2 Rc4 33. Ne5 Rxf4+
34. Kg2 c5 35. Nd3 Rg4+ 36. Kf3 Rxg5 37. Kf4 Rh5 38. Nxc5 Nd4 39. Re5 Rxh2 40.
Nxa6 Rxc2 41. b4 Ne6+ 42. Ke4 h5 43. b5 Re2+ 44. Kd5 Rb2 45. Nb4 Nc7+ 46. Kc6
Nxb5 47. Kxb5 h4 48. a4 h3 49. a5 h2 50. Re1 g5 51. a6 Rd2 52. a7 Rd8 53. Nc6
Ra8 54. Rh1 f5 55. Rxh2 g4 56. Kc4 Kg6 57. Kd4 Kg5 58. Rh7 Kf4 59. Rg7 Kf3 60.
Ne5+ Kf4 61. Nd3+ Kf3 62. Ke5 f4 63. Nxf4 Re8+ 64. Ne6 g3 65. Rf7+ Ke2 66. Rf8
g2 67. Rxe8 g1=Q 68. a8=Q Qg3+ 69. Kf6 Qh4+ 70. Ng5+ 1-0

[Event "Euro Online U2300 Day 1"]
[Site "chess.com INT"]
[Date "2020.05.25"]
[Round "2"]
[White "Molina, Fabrizio"]
[Black "Gitu, Paula-Alexandra"]
[Result "0-1"]
[WhiteTitle "FM"]
[BlackTitle "WFM"]
[WhiteElo "2181"]
[BlackElo "2113"]
[WhiteFideId "805637"]
[BlackFideId "13904620"]
[EventDate "2020.05.25"]

1. Nf3 d6 2. c4 e5 3. Nc3 f5 4. d3 Nf6 5. g3 Be7 6. Bg2 c6 7. O-O O-O 8. Rb1 Qc7
9. b4 h6 10. a4 Be6 11. b5 Nbd7 12. Ba3 Rae8 13. Nd2 d5 14. Bxe7 Rxe7 15. cxd5
cxd5 16. Rc1 Qd6 17. a5 Nc5 18. Na4 Nfd7 19. Nxc5 Nxc5 20. Nb3 Nxb3 21. Qxb3 f4
22. b6 a6 23. Rc7 e4 24. Rxe7 Qxe7 25. dxe4 dxe4 26. Qc3 Bd5 27. Rd1 Bc6 28. Qd4
f3 29. exf3 exf3 30. Bf1 Re8 31. h4 Qe5 32. Kh2 Qxd4 33. Rxd4 Re5 34. Rd8+ Kf7
35. Bc4+ Ke7 36. Rg8 g5 37. hxg5 hxg5 38. Bxa6 bxa6 39. b7 Bxb7 40. Rg7+ Kd6 41.
Rxb7 Rxa5 42. Kh3 Ra4 43. Rg7 g4+ 44. Kh4 a5 45. Ra7 Kc6 46. Kg5 Kb6 47. Ra8 Rd4
48. Kf5 a4 49. Ke5 Rb4 50. Kf5 Kb5 51. Ra7 Rc4 52. Rb7+ Ka5 53. Ra7+ Kb4 54.
Rb7+ Kc3 55. Ra7 Kb2 56. Rb7+ Ka3 57. Rb8 Rb4 58. Rd8 Rc4 59. Rd3+ Kb2 60. Rd2+
Kc3 61. Ra2 Kb3 62. Ra1 a3 63. Rb1+ Kc2 64. Rb8 Ra4 65. Kg5 a2 66. Rb5 a1=Q 0-1

[Event "Euro Online U2300 Day 1"]
[Site "chess.com INT"]
[Date "2020.05.25"]
[Round "2"]
[White "Lahav, Michal"]
[Black "Suleymanli, Aydin"]
[Result "1/2-1/2"]
[WhiteTitle "WIM"]
[BlackTitle "IM"]
[WhiteElo "2219"]
[BlackElo "2512"]
[WhiteFideId "2813742"]
[BlackFideId "13413937"]
[EventDate "2020.05.25"]

1. e4 c6 2. Nc3 d5 3. Nf3 Bg4 4. h3 Bh5 5. exd5 cxd5 6. Bb5+ Nc6 7. g4 Bg6 8.
Ne5 Rc8 9. d3 e6 10. Qe2 Bb4 11. Bd2 Kf8 12. Bxc6 bxc6 13. O-O-O Bd6 14. f4 Qc7
15. Nxg6+ hxg6 16. Rdf1 Rb8 17. Nd1 Nf6 18. f5 gxf5 19. gxf5 e5 20. Qg2 e4 21.
Rhg1 Rh7 22. Bc3 Bf4+ 23. Kb1 Be5 24. Bxe5 Qxe5 25. Qg3 Re8 26. dxe4 Qxg3 27.
Rxg3 Nxe4 28. Rd3 Rxh3 29. Rxh3 Nd2+ 30. Kc1 Nxf1 31. Rc3 Re5 32. Rxc6 Rxf5 33.
Rc8+ Ke7 34. Rc7+ Ke6 35. Rxa7 g5 36. b4 d4 37. Ra6+ Ke7 38. Ra7+ Kf8 39. Ra5
Ng3 40. Rxf5 Nxf5 41. Nf2 Ne3 42. a4 Ke7 43. Kd2 g4 44. Kd3 g3 45. Nh3 Nd5 46.
b5 Nc3 47. Kxd4 Nxa4 48. c4 Kd6 49. Ke4 g2 50. Kf3 Nb6 51. Kxg2 Nxc4 52. Ng5 Kc5
53. Nxf7 Kxb5 1/2-1/2

[Event "Euro Online U2300 Day 1"]
[Site "chess.com INT"]
[Date "2020.05.25"]
[Round "2"]
[White "Mravunac, Damir"]
[Black "Marn, Jan"]
[Result "0-1"]
[BlackTitle "FM"]
[WhiteElo "2132"]
[BlackElo "2360"]
[WhiteFideId "14502810"]
[BlackFideId "14619245"]
[EventDate "2020.05.25"]

1. f4 d5 2. b3 Nf6 3. Nf3 g6 4. Bb2 Bg7 5. e3 O-O 6. Be2 c5 7. O-O Nc6 8. Qe1
Bf5 9. d3 Rc8 10. h3 a6 11. Nbd2 b5 12. g4 Bd7 13. Ne5 d4 14. Nxc6 Bxc6 15. e4
e5 16. f5 Bh6 17. Nf3 Be3+ 18. Kg2 Nxe4 19. dxe4 Bxe4 20. Bc1 Bxc1 21. Qxc1 Bb7
22. Kg1 e4 23. Nh2 e3 24. Qe1 g5 25. h4 c4 26. bxc4 bxc4 27. Rd1 Be4 28. hxg5
Bxc2 29. Rc1 d3 30. Rxc2 dxc2 31. Nf3 f6 32. Qc3 Qc7 33. Kg2 Rfe8 34. Qxc2 fxg5
35. Rc1 Qf4 36. Kh3 Rc6 37. f6 Rxf6 38. Qxc4+ Qxc4 39. Bxc4+ Kh8 40. Be2 h6 41.
Kg3 Rb6 42. Rh1 Kg7 43. Rc1 Rb2 44. a4 Rxe2 45. Rc7+ Kf8 46. Rc6 Ra2 47. Rxa6 e2
48. Ne1 Ra1 49. Kf2 Kg7 50. a5 Rf8+ 51. Kxe2 Re8+ 52. Kd3 Raxe1 53. Ra7+ R1e7
54. Ra6 Rd8+ 55. Kc4 Rc7+ 56. Kb5 Rb8+ 57. Ka4 Rc1 58. Rb6 Rxb6 59. axb6 h5 60.
gxh5 Kh6 0-1

[Event "Euro Online U2300 Day 1"]
[Site "chess.com INT"]
[Date "2020.05.25"]
[Round "2"]
[White "Kalinina, Larisa"]
[Black "Kalogeris, Ioannis"]
[Result "0-1"]
[WhiteTitle "WIM"]
[BlackTitle "FM"]
[WhiteElo "2131"]
[BlackElo "2312"]
[WhiteFideId "14106361"]
[BlackFideId "4239563"]
[EventDate "2020.05.25"]

1. e4 e5 2. Nc3 Nc6 3. g3 Bc5 4. Bg2 d6 5. Nge2 h5 6. h3 h4 7. g4 Nge7 8. d3 Ng6
9. Be3 Nd4 10. Bxd4 exd4 11. Na4 Bb4+ 12. c3 dxc3 13. Naxc3 O-O 14. O-O c6 15.
d4 d5 16. exd5 cxd5 17. Nxd5 Bd6 18. f4 Re8 19. f5 Ne7 20. Ndf4 Bd7 21. f6 Nc6
22. fxg7 Qg5 23. Nd5 Kxg7 24. Nef4 Re6 25. Nh5+ Kf8 26. Qf3 Be8 27. Rad1 Nxd4
28. Rxd4 Bc5 29. Nc7 Bxd4+ 30. Kh1 Re3 31. Qxb7 Rd8 32. Nxe8 Re7 33. Nc7 Qe5 34.
Nd5 Rxb7 35. Ndf6 Rxb2 36. Nh7+ Ke7 37. N5f6 Qe2 38. Rg1 Bxg1 39. Ng8+ Rxg8 0-1

[Event "Euro Online U2300 Day 1"]
[Site "chess.com INT"]
[Date "2020.05.25"]
[Round "2"]
[White "Tsaruk, Maksim"]
[Black "Timagin, Petr"]
[Result "1-0"]
[WhiteTitle "FM"]
[BlackTitle "FM"]
[WhiteElo "2302"]
[BlackElo "2337"]
[WhiteFideId "13511173"]
[BlackFideId "4137698"]
[EventDate "2020.05.25"]

1. e4 c5 2. Nf3 g6 3. d4 cxd4 4. Nxd4 Nc6 5. c4 Bg7 6. Be3 Nf6 7. Nc3 O-O 8. Be2
b6 9. O-O Bb7 10. f3 e6 11. Ndb5 d5 12. cxd5 exd5 13. exd5 Nb4 14. d6 Nfd5 15.
Bd4 Qg5 16. Ne4 Bxd4+ 17. Qxd4 Qe3+ 18. Qxe3 Nxe3 19. Rfc1 a6 20. Nc7 Rad8 21.
Rc3 Bxe4 22. fxe4 Rxd6 23. Nxa6 Nbc2 24. Rc1 Rd2 25. Kf2 f5 26. e5 Ng4+ 27. Kg1
Rxe2 28. R3xc2 Rxe5 29. h3 Ne3 30. Rc7 f4 31. Rd7 Rg5 32. Rcc7 Nf5 33. Kf2 h5
34. Nb4 f3 35. gxf3 Rg3 36. Rg7+ Kh8 37. Rh7+ Kg8 38. Nc6 Rxh3 39. Ne5 Rh2+ 40.
Kg1 Rxb2 41. Nxg6 Rd8 42. Rh8# 1-0

[Event "Euro Online U2300 Day 1"]
[Site "chess.com INT"]
[Date "2020.05.25"]
[Round "2"]
[White "Klimkowski, Jan"]
[Black "Belenkaya, Dina"]
[Result "1-0"]
[BlackTitle "WGM"]
[WhiteElo "2193"]
[BlackElo "2297"]
[WhiteFideId "21856222"]
[BlackFideId "24142654"]
[EventDate "2020.05.25"]

1. e4 d5 2. exd5 Qxd5 3. Nc3 Qa5 4. d4 Nf6 5. Nf3 c6 6. Be2 Bf5 7. O-O e6 8. Bd2
Qb6 9. Qc1 Be7 10. Bf4 Nbd7 11. Rd1 O-O 12. Ne5 Rfd8 13. Nc4 Qa6 14. a4 Nd5 15.
Nd6 Qb6 16. a5 Qb4 17. Nxd5 cxd5 18. c3 Qb3 19. Rd2 Nf6 20. Ra3 Qxa3 21. bxa3
Bxd6 22. Bxd6 Rxd6 23. Rb2 Rb8 24. f3 Rc6 25. g4 Bg6 26. Qf4 Rbc8 27. Rxb7 Rxc3
28. Rb8 h6 29. Kf2 Kh7 30. Rxc8 Rxc8 31. h4 Rc2 32. Ke1 h5 33. g5 Ne8 34. Qb8
Rc1+ 35. Kd2 Rc2+ 36. Kd1 Nc7 37. Qxa7 e5 38. Qb6 Ne6 39. dxe5 d4 40. a6 d3 41.
Bxd3 Bxd3 42. a7 Rc8 43. Qb7 Rd8 44. a8=Q Be4+ 45. Qxd8 Bxb7 46. Qd3+ g6 47. Qe3
Bc6 48. f4 Kg7 49. Kd2 Ba4 50. Kc3 Nc7 51. Qc5 Be8 52. Qxc7 Ba4 53. Kd4 Bb5 54.
e6 1-0

[Event "Euro Online U2300 Day 1"]
[Site "chess.com INT"]
[Date "2020.05.25"]
[Round "2"]
[White "Safin, Robert"]
[Black "Polczyk, Mikolaj"]
[Result "0-1"]
[WhiteTitle "FM"]
[WhiteElo "2287"]
[BlackElo "2118"]
[WhiteFideId "34189120"]
[BlackFideId "1183494"]
[EventDate "2020.05.25"]

1. d4 Nf6 2. Nf3 d5 3. c4 e6 4. g3 Be7 5. Bg2 O-O 6. O-O dxc4 7. Ne5 Nc6 8. Nxc6
bxc6 9. e3 Rb8 10. Qa4 c5 11. Rd1 Qd6 12. Qxc4 Rd8 13. b3 Rb4 14. Qc2 Rb8 15.
Ba3 Bb7 16. Bxc5 Qd7 17. Bxe7 Qxe7 18. Nd2 Bxg2 19. Kxg2 e5 20. dxe5 Qxe5 21.
Nc4 Qh5 22. Rd2 Rxd2 23. Qxd2 Ne4 24. Qd1 Qh6 25. Qd4 Ng5 26. h4 Qc6+ 27. Kf1
Qh1+ 28. Ke2 Qf3+ 29. Ke1 Ne4 30. Qb2 Rd8 31. Ne5 Qh1+ 32. Ke2 Qg2 33. Nd3 Nxg3+
34. Kd2 Qxf2+ 35. Kc3 Rxd3+ 36. Kxd3 Qxb2 37. Rd1 Qe2+ 38. Kc3 Qxd1 39. h5 Ne4+
40. Kb2 Qd2+ 41. Ka3 Qc3 42. h6 Nd6 43. hxg7 Nc4+ 44. Ka4 Qa5# 0-1

[Event "Euro Online U2300 Day 1"]
[Site "chess.com INT"]
[Date "2020.05.25"]
[Round "2"]
[White "Voracek, Miroslav"]
[Black "Akca, Gani Eren"]
[Result "0-1"]
[WhiteElo "2226"]
[BlackElo "2142"]
[WhiteFideId "313335"]
[BlackFideId "6303013"]
[EventDate "2020.05.25"]

1. e4 e5 2. Nf3 Nc6 3. d4 exd4 4. Nxd4 Bc5 5. Nxc6 Qf6 6. Qd2 dxc6 7. Nc3 Be6 8.
Bd3 O-O-O 9. O-O a6 10. Qe2 Kb8 11. e5 Qh4 12. Ne4 Be7 13. f4 Nh6 14. Be3 f5 15.
Nc5 Bc8 16. Bf2 Qg4 17. Qe3 b6 18. Nxa6+ Bxa6 19. Bxa6 Bc5 20. Qc3 Rd5 21. Bc4
Bxf2+ 22. Rxf2 Rd1+ 23. Rxd1 Qxd1+ 24. Rf1 Qd7 25. e6 Qd6 26. Qxg7 Qc5+ 27. Kh1
Rg8 28. Qxh6 Qxc4 29. Re1 Qxc2 30. Rg1 Qe4 31. Qxh7 Re8 32. e7 Rxe7 33. Qg8+ Kb7
34. Qg5 Rd7 35. h4 Rd4 36. Rf1 Qe2 37. Rf3 Rd1+ 38. Kh2 Qe1 39. Ra3 Qh1+ 40. Kg3
Qe1+ 41. Kh3 Qh1+ 42. Kg3 Qe1+ 43. Kh2 Qg1+ 44. Kg3 Re1 45. h5 Re2 46. Kf3 Qf2# 0-1

[Event "Euro Online U2300 Day 1"]
[Site "chess.com INT"]
[Date "2020.05.25"]
[Round "2"]
[White "Shapiro, David"]
[Black "Levin, Guy"]
[Result "0-1"]
[WhiteTitle "FM"]
[WhiteElo "2392"]
[BlackElo "2213"]
[WhiteFideId "24133523"]
[BlackFideId "2824213"]
[EventDate "2020.05.25"]

1. d4 Nf6 2. Nc3 d5 3. Bf4 g6 4. e3 Bg7 5. h4 Bf5 6. Be2 h5 7. Nf3 O-O 8. Ne5
Nbd7 9. g4 hxg4 10. Nxg4 Bxg4 11. Bxg4 Nxg4 12. Qxg4 Nf6 13. Qg2 Nh5 14. Be5
Bxe5 15. dxe5 e6 16. O-O-O c5 17. Ne2 Qc7 18. f4 Kg7 19. Ng3 Rh8 20. Rdg1 Nxg3
21. Qxg3 Rh5 22. Qf2 Rah8 23. Rg4 c4 24. c3 a5 25. Rhg1 b5 26. Rg5 Qd7 27. Qf3
Rxh4 28. f5 exf5 29. Rxf5 Rh1 30. Rxh1 Qxf5 31. Qg2 Rxh1+ 32. Qxh1 Qxe5 33. Kd2
Qe4 34. Qh3 Qd3+ 35. Kc1 b4 36. Qg3 Qe4 37. Qe1 b3 38. axb3 cxb3 39. Qd2 g5 40.
Kd1 Qb1+ 41. Ke2 Qc2 42. Qxc2 bxc2 43. Kd2 g4 44. b4 axb4 45. cxb4 g3 0-1

[Event "Euro Online U2300 Day 1"]
[Site "chess.com INT"]
[Date "2020.05.25"]
[Round "2"]
[White "Petrovic, Aleksa"]
[Black "Riabov, Alexander"]
[Result "0-1"]
[WhiteElo "2072"]
[BlackElo "2004"]
[WhiteFideId "967629"]
[BlackFideId "14906562"]
[EventDate "2020.05.25"]

1. e4 e5 2. Nf3 Nf6 3. d4 Nxe4 4. Bd3 d5 5. dxe5 Nc6 6. Nbd2 Nc5 7. O-O Be7 8.
b3 Bg4 9. Re1 O-O 10. Nf1 Re8 11. h3 Bh5 12. Ng3 Nxd3 13. cxd3 Bg6 14. e6 fxe6
15. Rxe6 Bf6 16. Rxe8+ Qxe8 17. d4 Be4 18. Be3 Rd8 19. Rc1 Qe7 20. Rc5 g6 21.
Kh2 Qd6 22. Rc1 Bxf3 23. Qxf3 Nxd4 24. Qg4 Nf5 25. Bf4 Be5 26. Nxf5 Bxf4+ 27. g3
Qe5 28. Qxf4 Qxf4 29. gxf4 gxf5 30. Rxc7 d4 31. Rc2 Kf7 32. Kg3 Ke6 33. Kf3 Kd5
34. Rc7 Kd6 35. Rxb7 Kc6 36. Re7 d3 37. Re1 Kc5 38. Ke3 Kb4 39. Rd1 Kc3 40. b4
Re8+ 41. Kf3 Kc2 42. Rg1 d2 43. b5 Re1 0-1

[Event "Euro Online U2300 Day 1"]
[Site "chess.com INT"]
[Date "2020.05.25"]
[Round "2"]
[White "Samaridis, Konstantinos"]
[Black "Acikel, Mert"]
[Result "1/2-1/2"]
[WhiteElo "2105"]
[BlackElo "2149"]
[WhiteFideId "4262867"]
[BlackFideId "12956465"]
[EventDate "2020.05.25"]

1. e4 e5 2. Nf3 Nc6 3. Nc3 Nf6 4. d4 exd4 5. Nxd4 Bb4 6. Nxc6 bxc6 7. Bd3 O-O 8.
O-O Re8 9. Bg5 h6 10. Bh4 Be7 11. e5 Nd5 12. Bxe7 Qxe7 13. Nxd5 cxd5 14. f4 d6
15. Qf3 Rb8 16. b3 dxe5 17. fxe5 Be6 18. Rae1 Qg5 19. Qf2 a5 20. Qc5 Qe7 21.
Qxe7 Rxe7 22. Rf4 Rb4 23. Ref1 c5 24. a3 Rxf4 25. Rxf4 Bd7 26. Bf5 Bc6 27. b4
axb4 28. axb4 cxb4 29. Rxb4 Rxe5 30. Rb8+ Re8 31. Rb6 Ba8 32. Kf2 Rd8 33. Bd3 d4
34. Ra6 Bd5 35. Ra4 Bc6 36. Ra6 Rd6 37. Ra7 g6 38. Bc4 Bd7 39. Ke2 Kg7 40. Ra5
Kf6 41. Rd5 Rxd5 42. Bxd5 Be6 43. Be4 Ke5 44. Kd3 f5 45. Bc6 Bd5 46. Be8 g5 47.
g3 f4 48. gxf4+ gxf4 49. Ke2 Be4 50. Ba4 Kf5 51. Bd7+ Kg5 52. Ba4 Kh4 53. Kf1
Kh3 54. Kg1 Bf5 55. Bb3 h5 56. Ba4 h4 57. Bb3 Kg4 58. Kf2 Be4 59. Be6+ Bf5 60.
Bb3 Kh3 61. Kg1 f3 62. Ba4 Bg4 63. Kf2 Kxh2 64. Bc6 Bf5 65. Ba4 Be4 66. Bb3 Kh3
67. Be6+ Kh2 68. Bb3 Kh3 69. Be6+ Kh2 70. Bb3 1/2-1/2